000 00537nam a2200193Ia 4500
005 20250508161050.0
008 008 250505s9999 xx 000 0 eng d
037 _aTextual
040 _aFEDL
_beng
_cFEDL
041 _aeng
_2eng
084 _a155.2, NIC
_qFEDL
100 _aNicholson Reynold A
245 0 _aIdea of personality in sufism
260 _aDelhi, India
_bIdarah-i Adabiyat-i Delli Publisher
_c1923
300 _a77p
650 _aPersonality
942 _cTEXL
_h155.2, NIC
999 _c1368235
_d1368235